| 000 | 00622cam a22002293a 4500 | ||
|---|---|---|---|
| 001 | 39319 | ||
| 003 | PGUSA | ||
| 005 | 20140828083855.0 | ||
| 008 | 120331s2012||||xxu|||||s|||||000 | eng d | ||
| 040 |
_aPGUSA _beng |
||
| 042 | _adc | ||
| 100 | 1 |
_aEuripides, _d--406 |
|
| 245 | 1 | 0 |
_aΟρέστης _h[electronic resource] / _cEuripides |
| 260 |
_bProject Gutenberg, _c2012 |
||
| 506 | _aPublic domain in the USA. | ||
| 516 | _aElectronic text | ||
| 700 | 1 |
_aVoutieridis, Ilias, _d1874-1941 |
|
| 740 | 0 | _aOrestis | |
| 830 | 0 |
_aProject Gutenberg _v39319 |
|
| 856 | 4 | 0 | _uhttp://www.gutenberg.org/ebooks/39319 |
| 942 | _cEB | ||
| 999 |
_c268572 _d268572 |
||